Manuel sur la manutention et la conservation des grains après récolte (Record no. 28855)
[ view plain ]
| 000 -LEADER | |
|---|---|
| fixed length control field | 00804 a2200253 4500 |
| 003 - CONTROL NUMBER IDENTIFIER | |
| control field | 0 |
| 005 - DATE AND TIME OF LATEST TRANSACTION | |
| control field | 20160609152458.0 |
| 008 - FIXED-LENGTH DATA ELEMENTS--GENERAL INFORMATION | |
| fixed length control field | 110922t xxu||||| |||| 00| 0 eng d |
| 040 ## - SOURCE DU CATALOGAGE | |
| Original cataloging agency | BUAC |
| Language of cataloging | Fre |
| Transcribing agency | BUDOC |
| 041 ## - CODE DE LANGUE | |
| Language code of text/sound track or separate title | Fre |
| 100 ## - VEDETTE PRINCIPALE - NOM DE PERSONNE | |
| Personal name | Gwinner, Joost |
| 9 (RLIN) | 18813 |
| 130 ## - VEDETTE PRINCIPALE - TITRE UNIFORME | |
| Language of a work | FR |
| 9 (RLIN) | 18814 |
| 245 ## - TITLE STATEMENT | |
| Title | Manuel sur la manutention et la conservation des grains après récolte |
| 260 ## - PUBLICATION, DISTRIBUTION, ETC. (IMPRINT) | |
| Place of publication, distribution, etc | Eschborn |
| Name of publisher, distributor, etc | Ed. de la GTZ |
| Date of publication, distribution, etc | 1996 |
| 300 ## - PHYSICAL DESCRIPTION | |
| Extent | 368 p. |
| Other physical details | couv. en coul., ill. ; 21 cm. |
| Dimensions | 20 cm. |
| 440 ## - SERIES STATEMENT/ADDED ENTRY--TITLE | |
| Title | Projet de Protection des Stocks et des Récoltes |
| 9 (RLIN) | 18817 |
| 504 ## - BIBLIOGRAPHY, ETC. NOTE | |
| Bibliography, etc | Comprend Index p. 358 - 368 |
| 630 ## - SUBJECT ADDED ENTRY--UNIFORM TITLE | |
| Uniform title | SCIENCES APPLIQUEES |
| 9 (RLIN) | 18818 |
| 650 ## - SUBJECT ADDED ENTRY--TOPICAL TERM | |
| Topical term or geographic name as entry element | Conservation : technique : grain |
| 9 (RLIN) | 18820 |
| 700 1# - ADDED ENTRY--PERSONAL NAME | |
| Personal name | HARNISCH, Rüdiger |
| 9 (RLIN) | 18822 |
| 700 1# - ADDED ENTRY--PERSONAL NAME | |
| Personal name | Mück, Otto |
| 9 (RLIN) | 18824 |
| 942 ## - ADDED ENTRY ELEMENTS (KOHA) | |
| Koha item type | Livre |
| Withdrawn status | Lost status | Damaged status | Not for loan | Location (home branch) | Sublocation or collection (holding branch) | Date acquired | Koha issues (times borrowed) | Koha full call number | Koha date last seen | Copy number | Price effective from | Koha item type | Public note | Source of acquisition | Piece designation (barcode) |
|---|---|---|---|---|---|---|---|---|---|---|---|---|---|---|---|
| Bibliothèque Ecole Polytechnique d'Abomey-Calavi | Bibliothèque Ecole Polytechnique d'Abomey-Calavi | 04/09/2013 | 631.56/G994m | 22/09/2011 | 1 | Livre | Don | 20909EPAC | |||||||
| Bibliothèque Universitaire Centrale | Bibliothèque Universitaire Centrale | 581.48(004.4) GWI | 22/09/2011 | 1 | 22/09/2011 | Livre | Don | 11-074Buc | |||||||
| Bibliothèque-Centre de Documentation de la Faculté des Sciences Agronomiques | Bibliothèque-Centre de Documentation de la Faculté des Sciences Agronomiques | PV.1996.012 | 28/02/2009 | 1 | 28/02/2009 | Livre | A.7191 |